000
00297nam a22001337a 4500
008
170714b xxu||||| |||| 00| 0 eng d
020
_a
9780070681521
041
_a
eng
080
_a
05
100
_a
22
101
_a
GJL
245
_a
INTRODUCTION TO LINGUISTICS
_c
WARDHAUGH,R
942
_2
udc
_c
BK
999
_c
20772
_d
20772